<?xml version="1.0" encoding="UTF-8"?><?xml-stylesheet type="text/xsl" href="static/style.xsl"?><OAI-PMH xmlns="http://www.openarchives.org/OAI/2.0/" xmlns:xsi="http://www.w3.org/2001/XMLSchema-instance" xsi:schemaLocation="http://www.openarchives.org/OAI/2.0/ http://www.openarchives.org/OAI/2.0/OAI-PMH.xsd"><responseDate>2026-06-04T21:20:20Z</responseDate><request verb="GetRecord" identifier="oai:riubu.ubu.es:10259/8974" metadataPrefix="marc">https://riubu.ubu.es/oai/request</request><GetRecord><record><header><identifier>oai:riubu.ubu.es:10259/8974</identifier><datestamp>2024-04-18T22:00:42Z</datestamp><setSpec>com_10259_2699</setSpec><setSpec>col_10259_2709</setSpec></header><metadata><record xmlns="http://www.loc.gov/MARC21/slim" xmlns:doc="http://www.lyncode.com/xoai" xmlns:xsi="http://www.w3.org/2001/XMLSchema-instance" xmlns:dcterms="http://purl.org/dc/terms/" xsi:schemaLocation="http://www.loc.gov/MARC21/slim http://www.loc.gov/standards/marcxml/schema/MARC21slim.xsd">
<leader>00925njm 22002777a 4500</leader>
<datafield tag="042" ind1=" " ind2=" ">
<subfield code="a">dc</subfield>
</datafield>
<datafield tag="720" ind1=" " ind2=" ">
<subfield code="a">Suárez Sedano, Alejandra</subfield>
<subfield code="e">author</subfield>
</datafield>
<datafield tag="260" ind1=" " ind2=" ">
<subfield code="c">2023</subfield>
</datafield>
<datafield tag="520" ind1=" " ind2=" ">
<subfield code="a">La «economía colaborativa» se presenta como un fenómeno atractivo y novedoso que aporta ventajas y beneficios indudables pero que también, dada su novedad y lo rápido que crecen y se multiplican las plataformas colaborativas en las que las posibilidades de negocio son enormes, trae consigo una serie de conflictos y dudas legales que no siempre permiten una solución sencilla desde el punto de vista jurídico. La presente tesis doctoral ofrece un estudio, desde la perspectiva del derecho privado, del «fenómeno de la economía colaborativa» analizando, en primer lugar, sus orígenes, factores de desarrollo y elementos que lo componen, haciendo especial hincapié en las plataformas colaborativas (capítulo primero). Posteriormente, se profundiza en determinados aspectos concretos del fenómeno, identificando algunos de los problemas y dificultades que rodean al mismo, en particular en relación a: “la buena fe y confianza en el ámbito de la contratación de la economía colaborativa” (capítulo segundo), “el sector asegurador en la economía colaborativa” (capítulo tercero), “los contratos atípicos en el ámbito de la economía colaborativa” (capítulo cuarto) y “The Digital Service Act y su implicación en las plataformas de economía colaborativa” (capítulo quinto).</subfield>
</datafield>
<datafield tag="024" ind2=" " ind1="8">
<subfield code="a">http://hdl.handle.net/10259/8974</subfield>
</datafield>
<datafield tag="024" ind2=" " ind1="8">
<subfield code="a">10.36443/10259/8974</subfield>
</datafield>
<datafield ind1=" " ind2=" " tag="653">
<subfield code="a">Economía colaborativa</subfield>
</datafield>
<datafield ind1=" " ind2=" " tag="653">
<subfield code="a">Consumo colaborativo</subfield>
</datafield>
<datafield ind1=" " ind2=" " tag="653">
<subfield code="a">Plataformas digitales</subfield>
</datafield>
<datafield ind1=" " ind2=" " tag="653">
<subfield code="a">Confianza en línea</subfield>
</datafield>
<datafield ind1=" " ind2=" " tag="653">
<subfield code="a">Contrato de carpooling</subfield>
</datafield>
<datafield ind1=" " ind2=" " tag="653">
<subfield code="a">Sharing economy</subfield>
</datafield>
<datafield ind1=" " ind2=" " tag="653">
<subfield code="a">Collaborative consumption</subfield>
</datafield>
<datafield ind1=" " ind2=" " tag="653">
<subfield code="a">Digital platforms</subfield>
</datafield>
<datafield ind1=" " ind2=" " tag="653">
<subfield code="a">Online trust</subfield>
</datafield>
<datafield ind1=" " ind2=" " tag="653">
<subfield code="a">Carpooling contract</subfield>
</datafield>
<datafield tag="245" ind1="0" ind2="0">
<subfield code="a">Estudio desde el derecho privado del fenómeno de la economía colaborativa</subfield>
</datafield>
</record></metadata></record></GetRecord></OAI-PMH>